Quizzes
Events
Quiz Creation
Community
Videos
Private Events
Remove Ads
Sign In
Join for FREE
Feedback
Dark Mode
Quiz Categories
Sports
Geography
Music
Movies
Television
Just For Fun
Miscellaneous
History
Literature
Language
Science
Gaming
Entertainment
Religion
Holiday
For Kids
Quiz Lab
Recent
Popular Today
Quiz Kudos Today
Editor Picks
Curator Picks
Quizzes by...
Day
Popularity
Type
Ratings
Length
Year
Community
Subscriptions
Recent Discussions
Orange Saloon
Badges
Playlists
Quests
Create
Leaderboards
Showdown
Live 5
Trivia Bingo
Activity
Puzzle Library
Sporcle Events
Private Events
Virtual Trivia
Globe League
Become a Host
Pub Owners
SporcleCon
Opinionation
Our Games
Videos
Blog
Mobile Apps
Partnerships
Remove Ads and Go Orange
Feedback
Movies
Disney
Marvel Cinematic Universe
Movie Resume
Movie Titles
Oscar
Actor
Actress
Director
Pixar
Role
Movie Quotes
Movie Characters
Box Office
Nominee
Best Picture
Star Wars
James Bond
Horror Movies
Movies
Disney
Marvel Cinematic Universe
Movie Resume
Movie Titles
Oscar
Actor
Actress
Director
Pixar
Role
Movie Quotes
Movie Characters
Box Office
Nominee
Best Picture
Star Wars
James Bond
Horror Movies
Random Quiz
Search Sporcle
×
Quiz Lab
Quiz Lab
Movies
Toy Story 2
Type in answers that appear in a list
Type in answers that appear in a list
Classic
Best Score? Go Orange.
Toy Story Actors By Character Stats
Can you name the Toy Story Actors By Character?
By
tigerman22
5m
30 Questions
107 Plays
107 Plays
107 Plays
Comments
Comments
Give Quiz Kudos
Give Quiz Kudos
-
- Ratings
hide this ad
Replay
Link that replays current quiz
Next Quiz
Link to next quiz in quiz playlist
You Got
0%
They Got
Avg Score
41%
Avg Friend Score
Upgrade to see
Score Distribution
Jump to the score distribution portion of the page
Score
0/30
Timer
05:00
0
Plays Today
Hint
Answer
% Correct
Buzz Lightyear
Tim Allen
90.7%
Woody
Tom Hanks
89.7%
Mr. Potato Head
Don Rickles
65.4%
Hamm
John Ratzenberger
63.6%
Rex
Wallace Shawn
61.7%
Jessie
Joan Cusack
56.1%
Bo Peep
Annie Potts
52.3%
Prospector
Kelsey Grammer
48.6%
Ken
Michael Keaton
44.9%
Andy's Mom
Laurie Metcalf
43.9%
Sergeant
R. Lee Ermey
42.1%
Andy
John Morris
41.1%
Slinky Dog
Jim Varney
40.2%
Al
Wayne Knight
38.3%
Mrs. Potato Head
Estelle Harris
37.4%
Hint
Answer
% Correct
Lotso
Ned Beatty
36.4%
Sid
Erik Von Detten
34.6%
Barbie
Jodi Benson
34.6%
Dolly
Bonnie Hunt
34.6%
Emperor Zurg
Andrew Stanton
32.7%
Mr. Pricklepants
Timothy Dalton
30.8%
Squeeze Toy Aliens
Jeff Pidgeon
29.9%
Buttercup
Jeff Garlin
29.9%
Stretch
Whoopi Goldberg
29.9%
Trixie
Kristen Schaal
29%
Hannah
Sarah Freeman
27.1%
Bonnie
Emily Hahn
23.4%
Chuckles
Bud Luckey
20.6%
Molly
Beatrice Miller
15.9%
Chatter Telephone
Teddy Newton
15%
Quiz Playlist
Details
Report
Send in Message
Add To Playlist
Classic:
Type in answers that appear in a list
Last Updated: Mar 25, 2017
Quiz Scoreboard
CHALLENGE
Sign Up to Join the Scoreboard
Show All
Scores
Hide
Comments
May contain spoilers
Recently Published
Billboard Blitz: Fleetwood Mac
by CooCooCachoo
Music
15s
Presidents Visiting Landmarks
by Hejman
History
7m
An Introduction to Baseball
by treessimontrees
Sports
5m
More to Explore
Quiz From the Vault
Featured Blog Post
Where Did the Easter Bunny Come From?
hide this ad
You Might Also Like...
Tags
Toy Story
Toy Story 2
Toy Story 3
Today's Top Quizzes in Movies
Browse Movies
hide this ad
Today's Top Quizzes in Toy Story 2
Browse Toy Story 2
Top Contributed Quizzes in Movies
1
Pick 5 Posters: Directed by Spielberg
2
7-to-1: Pixar Characters
3
Pick 5 Posters: Lowest-Rated Spielberg
4
Sorting Actors
5
Pick 5 Posters: Directed by Scorsese
6
Sorting Actresses
7
Pick 5 Posters: Star & Director
8
Pick 5 Posters: Women Directed 2020s
9
12 Movies about Fictional 1960s Events
10
Multi-Oscar Nominations, One Movie, One Winner
Explore More
Trending Topics
Marvel
Disney
NBA
Crossword
Anime
Harry Potter
Kpop
WWE
Pokémon
The Office
Soccer
Puzzle
NFL
Song
Country
hide this ad
More By:
tigerman22
Quiz
Plays
Rating
Category
Featured
Created
TV Shows by Dad
46,944
4.38
Television
Jun 17, 2012
Drake and Josh Episodes
1,575
4.00
Television
Aug 22, 2014
Power Ranger Series By Red Ranger
938
3.00
Television
Nov 15, 2016
Willy Wonka and the Chocolate Factory quiz
883
2.00
Movies
May 25, 2012
Goosebumps Episodes
719
5.00
Television
Aug 23, 2014
Go to Creator's Profile
Score Distribution
Quiz Creator Spotlight
tigerman22
Follow
Send a Message
Quizzes Created
-
Created Quiz Play Count
-
More By This Creator
Popular Quizzes Today
1
Find the US States - No Outlines Minefield
2
Find the Countries of Europe - No Outlines Minefield
3
The Countries of the World
4
Find the US States
5
US States
6
Popular People in 1961
7
Risky Map Clicking: Biggest States A-Z
8
Movies - When Are They Set?
More Movies Quizzes
Boston Movies
Published
Trending Quizzes
Risky Map Clicking: Least Populous States A-Z
1-10 Letter G Words
1-10 Letter F Words
Risky Map Clicking: Next State Alphabetically
Risky Map Clicking: Biggest States A-Z
Recently Updated
Leaping Animals
pecheneg
Reality TV Shows (A-Z)
bhenderson79
Rickey Henderson's Hall of Fame Teammates
pecheneg
Champions League XIs: Arsenal
pecheneg
Quick Pick: Celebrities in WWE's Hall of Fame
aduchscher
A-Z Keypad Blitz II
pecheneg
Multiple Oscar Actors
pecheneg
Mystery Phrase Blitz: Oscar 'Best Actors'
pecheneg
F. Scott Fitzgerald Novels
LTH
Pick 3 Villains
ddd62291
Trending Topics
Anime
Harry Potter
NBA
Kpop
Crossword
Disney
Marvel
WWE
Song
NFL
The Office
Pokémon
Puzzle
Soccer
Country
Your Account Isn't Verified!
In order to create a playlist on Sporcle, you need to verify the email address you used during registration. Go to your
Sporcle Settings
to finish the process.
Report this User
Report this user for behavior that violates our
Community Guidelines
.
Details:
Send Report
Go to the Sporcle.com Mobile Site →
Comments